| 000 | 00462nam a22001697a 4500 | ||
|---|---|---|---|
| 005 | 20251108170823.0 | ||
| 008 | 250721s1997 xx 000 0 ara d | ||
| 082 | 1 | 4 | _a628.5/كام |
| 100 | 1 | _aكامل، مختار محمد | |
| 245 | 1 | 0 |
_aنحو عالم أفضل : _bالبيئة و عوامل التلوث ........... / |
| 264 | _c1997. | ||
| 300 | _a191ص | ||
| 650 | 1 | 7 | _aالتلوث |
| 650 | 1 | 7 | _aالبيئة |
| 942 |
_2ddc _cBK |
||
| 999 |
_c49796 _d49796 |
||